Pun(k) deconstruction : (Record no. 11842)

000 -LEADER
fixed length control field 01372cam a2200337 a 4500
001 - CONTROL NUMBER
control field 4962608
005 - DATE AND TIME OF LATEST TRANSACTION
control field 20160712125632.0
008 - FIXED-LENGTH DATA ELEMENTS--GENERAL INFORMATION
fixed length control field 970613s1997 njua b 001 0 eng
010 ## - LIBRARY OF CONGRESS CONTROL NUMBER
LC control number 97022452
020 ## - INTERNATIONAL STANDARD BOOK NUMBER
International Standard Book Number 0805826068 (cloth : alk paper)
020 ## - INTERNATIONAL STANDARD BOOK NUMBER
International Standard Book Number 0805826076 (pbk. : alk. paper)
040 ## - CATALOGING SOURCE
Original cataloging agency DLC
Transcribing agency DLC
Modifying agency DLC
050 00 - LIBRARY OF CONGRESS CALL NUMBER
Classification number N6494.P66
Item number J34 1997
082 00 - DEWEY DECIMAL CLASSIFICATION NUMBER
Classification number 709/.045
Edition number 21
100 1# - MAIN ENTRY--PERSONAL NAME
Personal name Jagodzinski, Jan,
Dates associated with a name 1948-
245 10 - TITLE STATEMENT
Title Pun(k) deconstruction :
Remainder of title experifigural writings in art & art education /
Statement of responsibility, etc. Jan Jagodzinski.
246 3# - VARYING FORM OF TITLE
Title proper/short title Pun deconstruction
246 3# - VARYING FORM OF TITLE
Title proper/short title Punk deconstruction
260 ## - PUBLICATION, DISTRIBUTION, ETC. (IMPRINT)
Place of publication, distribution, etc. Mahwah, N.J. :
Name of publisher, distributor, etc. Lawrence Erlbaum Associates,
Date of publication, distribution, etc. 1997.
300 ## - PHYSICAL DESCRIPTION
Extent xviii, 244 p. :
Other physical details ill. ;
Dimensions 29 cm.
440 #0 - SERIES STATEMENT/ADDED ENTRY--TITLE
Title Studies in curriculum theory
504 ## - BIBLIOGRAPHY, ETC. NOTE
Bibliography, etc Includes bibliographical references (p. 219-235) and indexes.
650 #0 - SUBJECT ADDED ENTRY--TOPICAL TERM
Topical term or geographic name as entry element Postmodernism.
650 #0 - SUBJECT ADDED ENTRY--TOPICAL TERM
Topical term or geographic name as entry element Feminism and art.
650 #0 - SUBJECT ADDED ENTRY--TOPICAL TERM
Topical term or geographic name as entry element Art and society.
650 #0 - SUBJECT ADDED ENTRY--TOPICAL TERM
Topical term or geographic name as entry element Art
General subdivision Study and teaching
-- History
Chronological subdivision 20th century.
856 42 - ELECTRONIC LOCATION AND ACCESS
Materials specified Publisher description
Uniform Resource Identifier <a href="http://www.loc.gov/catdir/enhancements/fy0709/97022452-d.html">http://www.loc.gov/catdir/enhancements/fy0709/97022452-d.html</a>
906 ## - LOCAL DATA ELEMENT F, LDF (RLIN)
a 7
b cbc
c orignew
d 1
e ocip
f 19
g y-gencatlg
942 ## - ADDED ENTRY ELEMENTS (KOHA)
Source of classification or shelving scheme
Koha item type Hard Covered Materials
Classification part N 6494 .P66J34 1997
Holdings
Withdrawn status Lost status Source of classification or shelving scheme Damaged status Not for loan Home library Current library Shelving location Date acquired Source of acquisition Total Checkouts Full call number Barcode Date last seen Price effective from Koha item type
          MACHAKOS UNIVERSITY LIBRARY MACHAKOS UNIVERSITY LIBRARY Open shelf 12/07/2016 Donation (BFA)   N 6494 .P66J34 1997 21030 12/07/2016 12/07/2016 Hard Covered Materials
© Machakos University Library, Along The Highway, Machakos Wote Rd, Machakos, Kenya P.O. Box 136 - 90100 Machakos - Kenya

Tel: ( +254 ) 723 805829 OR Fax : 044-20353 OR Email: library@mksu.ac.ke